000 00842naa a2200229 c 4500
001 48412
003 ES-MaCES
005 20161021105712.0
008 161021s2016 sp ||||| t||||||| ||spa d
040 _aES-MaCES
_bspa
_cES-MaCES
_dES-MaCES
245 0 0 _aPor una política industrial activa (UGT 2016)
650 4 _927618
_asector industrial
650 4 _927623
_adesarrollo industrial
650 4 _928259
_aproductividad
650 4 _927077
_amodelo de crecimiento
650 4 _927626
_aplanificación industrial
650 4 _927627
_apolítica industrial
653 1 0 _aIndustria-Energía
773 0 _985206
_dMadrid Lefebvre El Derecho 2015-
_o088104
_tDerecho de las relaciones laborales
_w(ES-MaCES)46200
_gn. 7 (jul. 2016) {55/1131 R. 088104} ;p. 707-715
902 _aART Artículo de revista
942 _2CES
_cAR
_h5.2.
999 _c48412
_d48412